000 00711nam a2200181 i 4500
001 166641
003 ES-MaACL
005 20230906213355.0
008 050915s1901 sp | |||||||| ||spa d
040 _aCAM
_bspa
_cCAM
245 0 3 _aLa trilogía "Los Pirineos" y la crítica.
260 _aBarcelona :
_b[s.n.],
_c1901 (
_eVillanueva y Geltrú :
_fJuan Oliva y Milá)
300 _aXVI, 317 p. ;
_c19 cm.
500 _aTirada de 500 ejemp.
530 _aDisponible en formato digital.
852 _aES-MaACL
_jG-13472
_z-- Enc. hol., conservando la cub. original
_z-- Ejemp. n. 94 de una tirada de 500 ejemp.
856 _uhttp://bdh-rd.bne.es/viewer.vm?id=0000106429&page=1
_zBiblioteca Digital Hispánica
999 _c166641
_d166641